Normal view
MARC view
- Bailey, Chris,
Entry Personal Name
001 - CONTROL NUMBER
- control field: 94677
003 - CONTROL NUMBER IDENTIFIER
- control field: NUST
005 - DATE AND TIME OF LATEST TRANSACTION
- control field: 20220723164637.0
008 - FIXED-LENGTH DATA ELEMENTS
- fixed length control field: 220723|| aca||aabn | a|a d
040 ## - CATALOGING SOURCE
- Original cataloging agency: NUST
- Transcribing agency: NUST
100 ## - HEADING--PERSONAL NAME
- Personal name: Bailey, Chris,
- Dates associated with a name: 1989-
670 ## - SOURCE DATA FOUND
- Source citation: Work cat.: (NUST)0: Bailey, Chris, 1989- author., Hyperfocus :
